| 000 | 00690nam a2200193Ia 4500 | ||
|---|---|---|---|
| 001 | 6638 | ||
| 008 | 260622s9999 xx 000 0 und d | ||
| 020 | _a1855168863 | ||
| 245 | 0 |
_aمذبحة التراث في الثقافة العربية المعاصرة/ _cجورج طرابيشي |
|
| 250 | _aالطبعة الثانية؛ | ||
| 260 |
_aبيروت؛ _bدار الساقي؛ _c2006 |
||
| 300 |
_a136p; _c21x14cm |
||
| 520 | _aMassacre of heritage in Contemporary Arab Culture/ Georges Tarabichi | ||
| 546 | _aArabic | ||
| 650 | _aPJ7501-8517 Arabic literature | ||
| 655 |
_aArticles مقالات _99420 |
||
| 700 |
_aTarabichi, Georges جورج طرابيشي _99494 |
||
| 942 | _cBK | ||
| 999 |
_c6638 _d6638 |
||